[Event "BLR-ch (Women)"]
[Site "Minsk"]
[Date "2019.06.06"]
[Round "8"]
[White "Prakapuk, Vera"]
[Black "Stetsko, Lanita"]
[Result "1/2-1/2"]
[WhiteElo "1988"]
[BlackElo "2226"]
[PlyCount "125"]
[EventDate "2019.05.30"]
[EventType "tourn"]
[EventRounds "9"]
[EventCountry "BLR"]
[SourceTitle "CBM 190 Extra"]
[Source "ChessBase"]
[SourceDate "2019.07.15"]
[SourceVersion "1"]
[SourceVersionDate "2019.07.15"]
[SourceQuality "1"]

1. e4 e5 2. Nf3 Nc6 3. d4 exd4 4. Nxd4 Bc5 5. Nxc6 Qf6 6. Qd2 dxc6 7. Nc3 Bd4 8. Bd3 Ne7 9. 0-0 Bd7 10. Rb1 Qd6 11. Ne2 Bf6 12. f4 g6 13. e5 Qc5+ 14. Kh1 Bg7 15. b4 Qb6 16. c4 c5 17. bxc5 Qxc5 18. Rxb7 Rd8 19. Rb3 Bf5 20. Ng3 Nc6 21. Nxf5 gxf5 22. Rb5 Qd4 23. Rd5 Rxd5 24. cxd5 Qxd5 25. Bxf5 Qxd2 26. Bxd2 Nd4 27. Be4 f6 28. exf6 Bxf6 29. g4 h6 30. Rc1 Kd7 31. Be3 Rb8 32. Rc4 Nb5 33. Bf5+ Kd6 34. a4 Nc3 35. Bxa7 Ra8 36. Bd4 Bxd4 37. Rxd4+ Kc5 38. Rd7 Rxa4 39. Rxc7+ Kd4 40. Kg2 Ra2+ 41. Kf3 Ra3 42. Rh7 Nd5+ 43. Kf2 Nxf4 44. Rxh6 Nh3+ 45. Ke2 Ke5 46. Re6+ Kf4 47. Re4+ Kg5 48. Kf1 Ra2 49. Re2 Ra1+ 50. Re1 Ra2 51. Re8 Rxh2 52. Rh8 Rf2+ 53. Ke1 Rf3 54. Bc8 Ra3 55. Rh5+ Kf4 56. Kd2 Ng5 57. Rh6 Ne4+ 58. Ke2 Ra2+ 59. Ke1 Ra1+ 60. Ke2 Ra2+ 61. Ke1 Ra1+ 62. Ke2 Ra2+ 63. Ke1 1/2-1/2

[Event "BLR-ch (Women)"]
[Site "Minsk"]
[Date "2019.05.30"]
[Round "1"]
[White "Prakapuk, Vera"]
[Black "Kasparova, Tatiana"]
[Result "1-0"]
[WhiteElo "1988"]
[BlackElo "1970"]
[PlyCount "127"]
[EventDate "2019.05.30"]
[EventType "tourn"]
[EventRounds "9"]
[EventCountry "BLR"]
[SourceTitle "CBM 190 Extra"]
[Source "ChessBase"]
[SourceDate "2019.07.15"]
[SourceVersion "1"]
[SourceVersionDate "2019.07.15"]
[SourceQuality "1"]

1. e4 d6 2. d4 Nf6 3. Nc3 e5 4. Nf3 Nbd7 5. Bc4 Be7 6. 0-0 0-0 7. a4 c6 8. Re1 b6 9. d5 cxd5 10. Nxd5 Bb7 11. b3 Rc8 12. Ra2 Nc5 13. Nxf6+ Bxf6 14. Bd5 Bxd5 15. Qxd5 Qc7 16. g3 Rfd8 17. b4 Ne6 18. Kg2 Qc4 19. Bd2 Nf8 20. a5 Qxd5 21. exd5 b5 22. a6 Rd7 23. Be3 Bd8 24. Nd2 Ng6 25. c4 bxc4 26. Rc1 Ne7 27. Nxc4 Nxd5 28. Nxe5 Nxe3+ 29. fxe3 Rdc7 30. Rxc7 Rxc7 31. Rd2 Be7 32. Nf3 Rc3 33. Nd4 Rc4 34. Nf5 Bf8 35. b5 Rb4 36. Nxd6 g6 37. Rd5 Bxd6 38. Rxd6 Rxb5 39. Rd7 Rb2+ 40. Kh3 Re2 41. Rxa7 Rxe3 42. Rb7 Ra3 43. a7 Kg7 44. Kg4 Kf6 45. Kf4 Ra4+ 46. Ke3 h5 47. Kd3 g5 48. Kc3 Ke6 49. Kb3 Ra1 50. Kc4 f5 51. Kb5 Ke5 52. Kb6 f4 53. Rb8 Rxa7 54. Kxa7 f3 55. Kb6 Ke4 56. Kc5 Ke3 57. Re8+ Kf2 58. Kd4 Kg2 59. Rf8 g4 60. Ke3 Kg1 61. Rf5 Kxh2 62. Kf2 h4 63. gxh4 g3+ 64. Kxf3 1-0

[Event "Wch U18 Girls"]
[Site "Porto Carras"]
[Date "2018.10.21"]
[Round "3"]
[White "Prakapuk, Vera"]
[Black "Priyanka, K."]
[Result "0-1"]
[WhiteElo "1949"]
[BlackElo "2207"]
[PlyCount "150"]
[EventDate "2018.10.20"]
[EventType "swiss"]
[EventRounds "11"]
[EventCountry "GRE"]
[SourceTitle "CBM 187 Extra"]
[Source "ChessBase"]
[SourceDate "2018.11.04"]
[SourceVersion "1"]
[SourceVersionDate "2018.11.04"]
[SourceQuality "1"]

1. e4 c5 2. Nf3 d6 3. Bb5+ Nd7 4. 0-0 a6 5. Bd3 Ngf6 6. c3 g6 7. Bc2 e5 8. d4 Qc7 9. h3 Bg7 10. Be3 b5 11. Nbd2 0-0 12. d5 c4 13. Ne1 Nh5 14. g4 Nf4 15. Bxf4 exf4 16. Ndf3 h6 17. Ng2 g5 18. Nd4 Re8 19. a4 Rb8 20. Nc6 Rb7 21. axb5 axb5 22. Ne1 Ne5 23. Nxe5 Bxe5 24. Nf3 Bf6 25. Nd4 Bd7 26. Qf3 Be5 27. Kg2 Kg7 28. Rh1 Rh8 29. Nf5+ Bxf5 30. exf5 Qe7 31. Rhe1 Qf6 32. Re4 Rc8 33. Ra6 Rc5 34. Re1 Qe7 35. Rc6 Rc7 36. Rxc7 Rxc7 37. Qe4 Kf6 38. Rb1 Rc5 39. Rd1 Qb7 40. Bb1 b4 41. Ba2 bxc3 42. bxc3 Qa6 43. Qe2 Bxc3 44. Rc1 Qa3 45. Rc2 Qb4 46. Qe4 Qa5 47. Bxc4 Be5 48. Qd3 Qa7 49. Ra2 Qc7 50. Rc2 Qa5 51. Ra2 Qb4 52. Rc2 Qb1 53. f3 Ra5 54. Re2 Qa1 55. Rf2 Ra3 56. Qe2 Qd4 57. Qe4 Qxe4 58. fxe4 Re3 59. Ba2 Rxe4 60. Bb1 Re1 61. Bd3 Bd4 62. Rf3 Rg1+ 63. Kh2 Ke5 64. Bc4 Rc1 65. Bf1 Kxd5 66. Bg2 Ke5 67. Rf1 Rc2 68. Kh1 Be3 69. Rd1 Rc5 70. Bf3 d5 71. Kg2 Rc2+ 72. Kh1 d4 73. Bg2 f3 74. Bxf3 Kf4 75. Bg2 Kg3 0-1

[Event "BLR-ch U20 Girls"]
[Site "Rogachev"]
[Date "2018.04.30"]
[Round "7"]
[White "Khrapko, Marharyta"]
[Black "Prakapuk, Vera"]
[Result "0-1"]
[WhiteElo "2026"]
[BlackElo "1976"]
[PlyCount "46"]
[EventDate "2018.04.24"]
[EventType "tourn"]
[EventRounds "9"]
[EventCountry "BLR"]
[SourceTitle "CBM 184 Extra"]
[Source "ChessBase"]
[SourceDate "2018.06.28"]
[SourceVersion "1"]
[SourceVersionDate "2018.06.28"]
[SourceQuality "1"]

1. e4 c6 2. Nc3 d5 3. Nf3 g6 4. exd5 cxd5 5. Bb5+ Nc6 6. Ne5 Bd7 7. Nxd7 Qxd7 8. d4 Bg7 9. Be3 Nh6 10. Qf3 Rd8 11. Na4 0-0 12. 0-0 Nxd4 13. Bxd4 Qxb5 14. Nc3 Qxb2 15. Bxg7 Kxg7 16. Rfb1 Qxc2 17. Rxb7 e6 18. Rxa7 Nf5 19. Ne2 Rb8 20. h3 Rb1+ 21. Kh2 Rxa1 22. g4 Nh4 23. Qe3 Qe4 0-1

[Event "BLR-ch U20 Girls"]
[Site "Minsk"]
[Date "2017.05.01"]
[Round "5"]
[White "Khrapko, Marharyta"]
[Black "Prakapuk, Vera"]
[Result "0-1"]
[WhiteElo "2050"]
[BlackElo "2078"]
[PlyCount "56"]
[EventDate "2017.04.27"]
[EventType "tourn"]
[EventRounds "7"]
[EventCountry "BLR"]
[SourceTitle "CBM 178 Extra"]
[Source "ChessBase"]
[SourceDate "2017.06.22"]
[SourceVersion "1"]
[SourceVersionDate "2017.06.22"]
[SourceQuality "1"]

1. e4 c6 2. d4 d5 3. e5 Bf5 4. h4 h5 5. Bd3 Bxd3 6. Qxd3 e6 7. Bg5 Qb6 8. Nd2 c5 9. Ne2 cxd4 10. Nxd4 Nc6 11. N2f3 Bc5 12. Be3 Nge7 13. 0-0 Bxd4 14. Bxd4 Nxd4 15. Nxd4 Ng6 16. Nf3 0-0 17. Ng5 Rac8 18. b3 Qb4 19. g3 Rc3 20. Qe2 Qg4 21. Rfe1 Rfc8 22. Rac1 Ne7 23. Qd2 Nf5 24. Kh2 Nxg3 25. f3 Qxh4+ 26. Kg2 Nf5 27. Rh1 Qg3+ 28. Kf1 Ne3+ 0-1

[Event "BLR-ch (Women)"]
[Site "Minsk"]
[Date "2017.01.17"]
[Round "5"]
[White "Stetsko, Lanita"]
[Black "Prakapuk, Vera"]
[Result "1/2-1/2"]
[WhiteElo "2253"]
[BlackElo "2121"]
[PlyCount "108"]
[EventDate "2017.01.13"]
[EventType "tourn"]
[EventRounds "9"]
[EventCountry "BLR"]
[SourceTitle "CBM 176 Extra"]
[Source "ChessBase"]
[SourceDate "2017.03.02"]
[SourceVersion "1"]
[SourceVersionDate "2017.03.02"]
[SourceQuality "1"]

1. e4 c6 2. d4 d5 3. e5 c5 4. dxc5 Nc6 5. a3 Nxe5 6. Bb5+ Bd7 7. Qxd5 Bxb5 8. Qxe5 Nf6 9. Nc3 Bc6 10. Nf3 Bxf3 11. gxf3 Nd7 12. Qe3 g6 13. Ne4 Bg7 14. Nd6+ Kf8 15. Ne4 h6 16. Qb3 Qc7 17. Be3 f5 18. Nc3 Nxc5 19. Bxc5 Qxc5 20. Nd5 Rd8 21. 0-0-0 g5 22. Ne3 Bd4 23. Rxd4 Rxd4 24. Qe6 Rd6 25. Qb3 b5 26. h4 a5 27. a4 bxa4 28. Qxa4 Rd4 29. Qb3 gxh4 30. Rg1 Rd8 31. Qe6 Rd6 32. Qb3 Qb4 33. Qxb4 axb4 34. Nxf5 Rf6 35. Nxh4 Rg8 36. Rh1 Rf4 37. Kd2 Kf7 38. Ke3 e5 39. Rh2 Rc8 40. Ng2 Rf6 41. Ne1 Ke6 42. Rh4 Kf5 43. Rxb4 h5 44. c3 Kg5 45. Re4 Rf5 46. Ke2 Re8 47. Nd3 h4 48. f4+ Kh5 49. fxe5 h3 50. Re3 Kh4 51. Re4+ Kh5 52. Re3 Kh4 53. Re4+ Kh5 54. Re3 Kh4 1/2-1/2

[Event "Wch U16 Girls"]
[Site "Khanty-Mansiysk"]
[Date "2016.09.30"]
[Round "8"]
[White "Prakapuk, Vera"]
[Black "Kochukova, Anna"]
[Result "0-1"]
[WhiteElo "1908"]
[BlackElo "2073"]
[PlyCount "104"]
[EventDate "2016.09.22"]
[EventType "swiss"]
[EventRounds "11"]
[EventCountry "RUS"]
[SourceTitle "EXT 2017"]
[Source "ChessBase"]
[SourceDate "2016.10.25"]
[SourceVersion "1"]
[SourceVersionDate "2016.10.25"]
[SourceQuality "1"]

1. e4 e5 2. Nf3 Nf6 3. Nxe5 d6 4. Nf3 Nxe4 5. d4 d5 6. Bd3 Bd6 7. 0-0 0-0 8. c4 c6 9. Nc3 Nxc3 10. bxc3 h6 11. Ne5 Nd7 12. f4 Nf6 13. Qf3 Bd7 14. Bd2 Qc8 15. f5 dxc4 16. Bxc4 c5 17. Ng4 Nxg4 18. Qxg4 cxd4 19. Bxh6 Be5 20. Rae1 Bf6 21. Bd3 dxc3 22. Rf3 Re8 23. Be4 c2 24. Rc1 Qc4 25. Rf4 Qd4+ 26. Kh1 Qd2 27. Rff1 Qxh6 28. Rxc2 Rac8 29. Rd1 Ba4 30. Rxc8 Rxc8 31. Re1 Rc1 32. Qe2 Rxe1+ 33. Qxe1 b6 34. g3 a6 35. Bd5 Qh5 36. Be4 Qd1 37. Qg1 Qxg1+ 38. Kxg1 Bd4+ 39. Kg2 Bd1 40. Kf1 Kf8 41. Bb7 a5 42. Ke1 Bc2 43. g4 Bc3+ 44. Ke2 Ke7 45. Bd5 b5 46. h4 b4 47. Bc4 a4 48. Bd3 b3 49. axb3 axb3 50. g5 Bxd3+ 51. Kxd3 b2 52. Kc2 g6 0-1

[Event "Wch U16 Girls"]
[Site "Khanty-Mansiysk"]
[Date "2016.09.23"]
[Round "2"]
[White "Prakapuk, Vera"]
[Black "Aakanksha, Hagawane"]
[Result "0-1"]
[WhiteElo "1908"]
[BlackElo "2183"]
[PlyCount "44"]
[EventDate "2016.09.22"]
[EventType "swiss"]
[EventRounds "11"]
[EventCountry "RUS"]
[SourceTitle "EXT 2017"]
[Source "ChessBase"]
[SourceDate "2016.10.25"]
[SourceVersion "1"]
[SourceVersionDate "2016.10.25"]
[SourceQuality "1"]

1. e4 e5 2. Nf3 Nc6 3. Bb5 a6 4. Ba4 Nf6 5. 0-0 b5 6. Bb3 Bc5 7. a4 Rb8 8. axb5 axb5 9. Nxe5 Nxe5 10. d4 Bxd4 11. Qxd4 d6 12. f4 c5 13. Qe3 Neg4 14. Qe2 c4 15. e5 dxe5 16. fxe5 Qd4+ 17. Kh1 Ne4 18. Be3 Nxe3 19. c3 Nxf1 20. cxd4 Nfg3+ 21. hxg3 Nxg3+ 22. Kh2 Nxe2 0-1

[Event "EU-ch U12 Girls"]
[Site "Prague"]
[Date "2012.08.25"]
[Round "9"]
[White "Ibrahimli, Leyla"]
[Black "Prakapuk, Vera"]
[Result "0-1"]
[WhiteElo "1547"]
[BlackElo "1660"]
[PlyCount "114"]
[EventDate "2012.08.17"]
[EventType "swiss"]
[EventRounds "9"]
[EventCountry "CZE"]
[SourceTitle "CBM 150 Extra"]
[Source "ChessBase"]
[SourceDate "2012.10.19"]
[SourceVersion "1"]
[SourceVersionDate "2012.10.19"]
[SourceQuality "1"]

1. d4 d5 2. Nf3 Nf6 3. Bg5 Ne4 4. Bh4 c6 5. Nbd2 Qb6 6. Rb1 Bf5 7. e3 e6 8. Bd3 c5 9. dxc5 Bxc5 10. 0-0 0-0 11. Nb3 Bd6 12. Nfd4 Bg6 13. f3 Nc5 14. Bxg6 hxg6 15. Bf2 Nxb3 16. axb3 a6 17. c3 Qc7 18. f4 Nd7 19. Qg4 Nf6 20. Qh3 Ne4 21. Nxe6 fxe6 22. Qxe6+ Qf7 23. Qxf7+ Rxf7 24. Rbd1 Nxf2 25. Kxf2 Raf8 26. g3 g5 27. Kg2 gxf4 28. exf4 Rf5 29. c4 Bc5 30. Rxd5 Rxd5 31. cxd5 Re8 32. b4 Bxb4 33. Rf2 Rd8 34. Kf3 Rxd5 35. Ke4 Rd2 36. Rxd2 Bxd2 37. Kd5 Be3 38. h3 Kf7 39. f5 Kf6 40. g4 Kg5 41. Ke6 Bd4 42. b3 Kh4 43. Kf7 a5 44. Ke6 Bc3 45. Kd7 b5 46. Kc6 a4 47. Kxb5 axb3 48. Kc4 b2 49. Kxc3 b1Q 50. Kd4 Kxh3 51. g5 Qxf5 52. g6 Kg4 53. Ke3 Qd5 54. Ke2 Qd4 55. Ke1 Qb2 56. Kd1 Kf3 57. Ke1 Qe2# 0-1

[Event "EU-ch U12 Girls"]
[Site "Prague"]
[Date "2012.08.23"]
[Round "7"]
[White "Nemcova, Kamila"]
[Black "Prakapuk, Vera"]
[Result "1-0"]
[WhiteElo "1464"]
[BlackElo "1660"]
[PlyCount "147"]
[EventDate "2012.08.17"]
[EventType "swiss"]
[EventRounds "9"]
[EventCountry "CZE"]
[SourceTitle "CBM 150 Extra"]
[Source "ChessBase"]
[SourceDate "2012.10.19"]
[SourceVersion "1"]
[SourceVersionDate "2012.10.19"]
[SourceQuality "1"]

1. e4 c6 2. d4 d5 3. Nc3 dxe4 4. Nxe4 Bf5 5. Ng3 Bg6 6. N1e2 e6 7. Nf4 Nf6 8. h4 e5 9. dxe5 Qxd1+ 10. Kxd1 Ng4 11. Be3 h6 12. Nxg6 fxg6 13. e6 Nxe3+ 14. fxe3 Bc5 15. Kd2 Ke7 16. Bc4 Na6 17. c3 Nc7 18. Rhf1 Rhf8 19. Rf7+ Rxf7 20. exf7 Ne6 21. Rf1 Rf8 22. Ne4 Bb6 23. Ke2 Nd8 24. Rf3 Nxf7 25. Bxf7 Rxf7 26. Rxf7+ Kxf7 27. Nd6+ Ke6 28. Nxb7 Kd5 29. b4 Kc4 30. Kd2 Bc7 31. Kc2 Bg3 32. e4 Kb5 33. Nc5 Bxh4 34. a4+ Kb6 35. a5+ Kc7 36. Ne6+ Kd6 37. Nd4 a6 38. e5+ Kc7 39. Kd3 Be7 40. Ke4 Kd7 41. e6+ Kc7 42. Ke5 Bf6+ 43. Ke4 Kd6 44. c4 c5 45. Nc2 cxb4 46. Nxb4 Bc3 47. Nxa6 Bxa5 48. c5+ Kxe6 49. Kd4 h5 50. Kc4 h4 51. Kb5 Bd8 52. Kc6 g5 53. Nc7+ Ke7 54. Nd5+ Ke6 55. Nc7+ Ke7 56. Nd5+ Ke8 57. Nc7+ Ke7 58. Nd5+ Ke6 59. Nc7+ Kf5 60. Kd7 Bf6 61. Ne8 Bd4 62. c6 Bb6 63. Nd6+ Kf4 64. Nc4 g4 65. Nxb6 h3 66. Nd5+ Ke5 67. Ne3 Ke4 68. gxh3 gxh3 69. Nf1 Kf3 70. c7 Kg2 71. c8Q Kxf1 72. Qc4+ Kg2 73. Qg4+ Kh2 74. Ke6 1-0

[Event "EU-ch U12 Girls"]
[Site "Albena"]
[Date "2011.09.18"]
[Round "7"]
[White "Prakapuk, Vera"]
[Black "Gueci, Tea"]
[Result "0-1"]
[WhiteElo "1561"]
[BlackElo "1773"]
[PlyCount "110"]
[EventDate "2011.09.11"]
[EventType "swiss"]
[EventRounds "9"]
[EventCountry "BUL"]
[SourceTitle "CBM 144 Extra"]
[Source "ChessBase"]
[SourceDate "2011.10.28"]
[SourceVersion "1"]
[SourceVersionDate "2011.10.28"]
[SourceQuality "1"]

1. e4 c5 2. Nc3 a6 3. a4 Nc6 4. Bc4 e6 5. f4 Nge7 6. d3 d5 7. Bb3 dxe4 8. dxe4 Qxd1+ 9. Kxd1 Nd4 10. Bc4 b6 11. Nge2 Bb7 12. Be3 Rd8 13. Kc1 Nec6 14. Rd1 Be7 15. Ng3 h5 16. Nge2 0-0 17. Bf2 Rd7 18. Nxd4 Nxd4 19. Rd2 Rfd8 20. Be3 Bh4 21. g3 Be7 22. b3 Nf3 23. Rxd7 Rxd7 24. Kb2 Nxh2 25. Rh1 Ng4 26. Bc1 Bf6 27. Rxh5 g6 28. Rh1 Nf2 29. Re1 Nxe4 30. Re3 Nxc3 31. Rxc3 a5 32. Bd3 Bxc3+ 33. Kxc3 Kg7 34. Kd2 Ba6 35. c4 Bb7 36. Ke3 Rd8 37. Be2 Rh8 38. Bd2 Rh1 39. Bc3+ f6 40. g4 Rb1 41. g5 Rxb3 42. gxf6+ Kf7 43. Kd2 Ra3 44. Bd1 Ra2+ 45. Kd3 Bc6 46. Bb3 Ra3 47. Kc2 Bxa4 48. Bxa4 Rxa4 49. Kb3 Rb4+ 50. Bxb4 axb4 51. Ka4 Kxf6 52. Kb5 b3 53. Kxb6 b2 54. Kxc5 b1Q 55. Kd6 Qd3+ 0-1